00348nam a2200133Ia 4500003000400000005001700004008004100021040000900062082002100071100001700092245005300109260004300162300000900205OSt20200629102719.0190216s9999||||xx |||||||||||||| ||und|| coclc a954.83024bNAM/K aNambiar, O K 4aThe Kunjalis Admirals Of Calicut /c O K Nambiar bAsia Publishing House,c1963.aBombay: a155p